| 000 | 00697nam a22002417a 4500 | ||
|---|---|---|---|
| 005 | 20170124110220.0 | ||
| 010 | _aA-151268 | ||
| 020 |
_c00.00 _a0855001941 |
||
| 035 | _aA-151268 | ||
| 037 | _bCen Lib/Ret | ||
| 040 |
_aDPL _bEN |
||
| 082 |
_a921 _bEAS |
||
| 100 |
_aEaswaran, Eknath _910158 |
||
| 245 |
_aGandhi the man / _cby Eknath Easwaran |
||
| 250 | _a2nd ed | ||
| 260 |
_aCalifornia _bNilgiri Press _c1983 |
||
| 270 |
_bCalifornia _aBox 477, Petaluma |
||
| 300 |
_a171p. : _c24cm(Hb) _bill. |
||
| 500 | _aIncludes index | ||
| 650 |
_aGandhi, -- Mahatma, -- 1869-1948 _9105312 |
||
| 650 |
_aStatesmen -- India -- Biography _910868 |
||
| 942 |
_2ddc _cEN _h921 _mEAS |
||
| 999 |
_c134063 _d134063 |
||